| 000 | 01888nam0a2200409 4500 | ||
|---|---|---|---|
| 001 | RU\NLR\bibl\201095 | ||
| 005 | 20260407111725.0 | ||
| 021 |
_aRU _b2001-17457 _9807 |
||
| 035 | _a(NLR Aleph) 000197446 | ||
| 090 |
_a1143495 _c1143495 |
||
| 100 | _a20010716d2000 |||y0rusy50 ca | ||
| 101 | 0 | _arus | |
| 102 | _aRU | ||
| 105 | _ay ||||||||| | ||
| 200 | 1 |
_aТифлобиблиотековед Галина Петровна Диянская _e(К 50-летию со дня рождения) _eБиобиблиогр. указ. _fРос. гос. б-ка для слепых. Отд. тифлобиблиогр. _g[Сост. Л. Н. Быховская _gРед. Г.П. Коваленко] |
|
| 210 |
_aМ. _cРГБС _d2000 |
||
| 215 |
_a63 с. _d21 |
||
| 225 | 1 | _aPro memoria | |
| 600 | 1 |
_aДиянская _bГ.П. _f1950 - 1999 _gГалина Петровна _jБиобиблиография _92230959 _3RU\NLR\auth\661339044 |
|
| 600 | 1 |
_aДиянская _bГ. П. _f1950-1999 _gГалина Петровна _2psbo |
|
| 610 | 0 | _aТифлобиблиотековедение в Российской Федерации - История - Биобиблиографические пособия | |
| 675 |
_a016:027.6:364.65-056.262(092) +929Диянская _v3 _zrus |
||
| 686 |
_a13.41 _2rugasnti |
||
| 686 |
_a78.3я1 _2rubbk |
||
| 686 | _aЧ733(2)7-8Диянская | ||
| 686 | _aЧ735.114.8 | ||
| 686 | _aЧ433.3(2)-8Диянская | ||
| 701 | 1 |
_aБыховская _bЛ. Н. _4070 |
|
| 702 | 1 |
_aКоваленко _bГ. П. _4340 |
|
| 711 | 0 | 2 |
_aРоссийская государственная библиотека для слепых _3RU\NLR\AUTH\889940066 _9374967 |
| 801 | 0 |
_aRU _bRKP _c20010716 _gPSBO |
|
| 801 | 1 |
_aRU _bRKP _c20010716 |
|
| 801 | 2 |
_aRU _bNLR _c20030129 _grcr |
|
| 942 | _cBOOK | ||
| 980 | _aNB | ||